Loading...
| Science - Chemistry | 2 | 5 | 0 | 0 | 80 | 61 | 89.57 | 1 | 4 | 0.00 | 0.00 |
| Science - Physics | 0 | 6 | 0 | 3 | 60 | 78 | 114.50 | 0 | 2 | 0.00 | 0.00 |
| Fine Arts - Visual | 1 | 1 | 0 | 1 | 25 | 77 | 109.00 | 0 | 1 | 0.00 | 0.00 |
| Fine Arts - Auditory | 0 | 2 | 1 | 1 | 15 | 142 | 147.50 | 0 | 0 | 0.00 | 0.00 |
| Current Events | 0 | 1 | 0 | 1 | 10 | 129 | 129.00 | 0 | 0 | 0.00 | 0.00 |
| Religion | 0 | 1 | 0 | 1 | 10 | 150 | 150.00 | 0 | 0 | 0.00 | 0.00 |
| Science - Other | 0 | 1 | 0 | 1 | 10 | 108 | 108.00 | 0 | 0 | 0.00 | 0.00 |
| Social Science | 0 | 1 | 0 | 0 | 10 | 123 | 123.00 | 0 | 1 | 0.00 | 0.00 |
| Science - Biology | 1 | 0 | 2 | 0 | 5 | 42 | 42.00 | 0 | 1 | 0.00 | 0.00 |
| History - Ancient/Other | 0 | 1 | 1 | 0 | 5 | 134 | 134.00 | 0 | 0 | 0.00 | 0.00 |
| Literature - European | 0 | 1 | 1 | 1 | 5 | 157 | 157.00 | 0 | 0 | 0.00 | 0.00 |
| History - American | 0 | 0 | 0 | 0 | 0 | 0.00 | 0 | 0 | 0.00 | 0.00 | |
| Geography | 0 | 0 | 1 | 0 | -5 | 0.00 | 0 | 0 | 0.00 | 0.00 | |
| Mythology | 0 | 0 | 2 | 0 | -10 | 0.00 | 0 | 0 | 0.00 | 0.00 |